| 000 | 00444nam a2200181Ia 4500 | ||
|---|---|---|---|
| 005 | 20250603145356.0 | ||
| 008 | 250603s9999 xx 000 0 und d | ||
| 020 | _a978-1-032-30061-0 | ||
| 050 | _aRM 666 .M51/ | ||
| 100 | _aEdited by Tarun Jha | ||
| 245 | 0 | _aModeling inhibitors of matrix metalloproteinases | |
| 260 | _aBoca Raton | ||
| 260 | _b CRC Press | ||
| 260 | _c2024 | ||
| 300 | _a474 p | ||
| 650 | _aBoca Raton | ||
| 942 | _cBK | ||
| 999 |
_c41680 _d41680 |
||